De Gruyter allgemeines Künstlerlexikon die bildenden Künstler aller Zeiten und Völker Band 99 Rimpl - Rover

Bibliographic Details
Other Authors: Beyer, Andreas, 1957- (Editor), Savoy, Bénédicte, 1972- (Editor), Tegethoff, Wolf, 1953- (Editor)
Format: Book
Language:German
PhysicalDescription:li, 540 strán 25 cm
Published: Berlin Boston de Gruyter [2018]
ISBN:9783110232653
Subjects:

MARC

LEADER 00000cam a2200000 4500
001 vtls011740138
003 SK-MaSNL
005 20260301044525.0
008 180202s2018 gw g bn 000 0cger
020 |a 9783110232653  |q (Band 99 ;  |q viazané) 
040 |a SNK  |b slo  |c SNK  |e rda 
041 0 |a ger 
044 |a gw  |c DE  |a xxu  |c US 
072 7 |a 72/76  |x Výtvarné umenie  |2 konspekt 
072 7 |a 929  |x Biografie  |2 konspekt 
080 |a 72/76  |2 2011 
080 |a 72/76.071.1  |2 2011 
080 |a 012  |2 2011 
080 |a (031)929  |2 2011 
245 0 0 |a De Gruyter allgemeines Künstlerlexikon  |b die bildenden Künstler aller Zeiten und Völker  |n Band 99  |p Rimpl - Rover  |c herausgegeben von Andreas Beyer, Bénédicte Savoy und Wolf Tegethoff 
246 3 0 |a Bildenden Künstler aller Zeiten und Völker 
246 3 0 |a Rimpl - Rover 
246 3 |a Allgemeines Künstlerlexikon 
264 1 |a Berlin  |a Boston  |b de Gruyter  |c [2018] 
264 4 |c ©2018 
300 |a li, 540 strán  |c 25 cm 
336 |a text  |b txt  |2 rdacontent 
337 |a bez média  |b n  |2 rdamedia 
338 |a zväzok  |b nc  |2 rdacarrier 
504 |a Obsahuje bibliografiu ; zoznam autorov a autoriek ; zoznam skratiek 
650 0 7 |a výtvarné umenie  |2 SNKPH  |9 723 
650 0 7 |a Fine art  |2 SNKPHeng  |9 265088 
650 0 7 |a výtvarníci  |2 SNKPH  |9 118705 
650 0 7 |a Artists  |2 SNKPHeng  |9 265151 
655 7 |a biografické slovníky  |2 SNKPH  |9 51960 
655 7 |a Biographical dictionaries  |2 SNKPHeng  |9 278210 
655 7 |a personálne bibliografie  |2 SNKPH  |9 70198 
655 7 |a Personal bibliography  |2 SNKPHeng  |9 300650 
700 1 |a Beyer, Andreas,  |d 1957-  |4 edt  |9 157015 
700 1 |a Savoy, Bénédicte,  |d 1972-  |4 edt  |9 157016 
700 1 |a Tegethoff, Wolf,  |d 1953-  |4 edt  |9 157017 
919 |a 978-3-11-023265-3 
958 |a NB 
958 |a BC 
999 |c 596187  |d 598117 
952 |t snkALL/99 7(031)  |a SNKUST  |b SNKUST  |y PREZ  |7 0  |p 17A1324006  |o snkIC 122948/99  |i snk2018/10015  |8 4  |g 311.53  |0 0  |1 0  |4 0  |d 2018-04-16  |l 0  |r 2025-03-19 00:00:00  |w 2026-02-23